01131nam a2200265 a 450000100060000000300080000600500170001400800410003103500190007204000260009104100080011708200310012510000160015624502440017226000790041630000310049550200840052650400340061060000180064465000390066265000450070165000340074670000410078070000440082179342BD-RjUL20220614154531.0220208s2003 eng||||| m||| 00| 0 eng d a(BD-RjUL)79342 aBD-RjULbengdBD-RjUL aeng a305.42095492bMOE 2003223 aMoin, Julia10aEmpowerment of Women and their participation in local Government Politics :bA comparative study of some selected rural and urban areas of Bangladesh /cJulia Moin ;6Supervisor: Kazi Tobarak Hossain ; Co- Supervisor : Abdul Quadir Bhuiyan aRajshahi :bInstitute of Bangladesh Studies, University of Rajshahi,c2003 axvii, 273 leaves ;c29 cm. aThesis (Ph. D.) -- Institute of Bangladesh Studies, University of Rajshahi,2003 aReferences : Leaves [246]-264 y .  aWomen in development zBangladesh. aWomen xPolitical activity zBangladesh. aLocal government zBangladesh aHossain, Kazi Tobarak , Supervisor  aBhuiyan, Abdul Quadir , Co- Supervisor